000 01100cam a2200325 i 4500
999 _c200429102
_d47026
001 200429102
003 TR-AnTOB
005 20250701150509.0
007 ta
008 150128m20172012tu a b 011 0 tur d
010 _a 2013314482
020 _a9786058325142 (hardpaper)
040 _aSTF
_beng
_erda
_cSTF
_dOCLCF
_dDLC
_dTR-AnTOB
041 _atur
050 0 0 _aPL248.A3173
_bZ53 2017
090 _aPL248.A3173
_bZ53 2017
245 0 0 _aAhmet Midhat Efendi armağanı /
_cyayına hazırlayan: Mustafa Miyasoğlu.
264 1 _aIstanbul :
_bBeykoz Belediyesi,
_c2017.
300 _a246pages :
_billustrations ;
_c28 cm.
336 _atext
_btxt
_2rdacontent
337 _aunmediated
_bn
_2rdamedia
338 _avolume
_bnc
_2rdacarrier
490 0 _aBeykoz Belediyesi Kültür Yayınları ;
_v27
504 _aIncludes bibliographical references.
600 0 _aAhmet Mithat,
_d1844-1912
_96738
600 0 _aAhmet Mithat,
_d1844-1912
_xCriticism and interpretation
_963813
700 1 _aMiyasoğlu, Mustafa,
_d1946-
_947147
942 _2lcc
_cBK